Jacked up : (Record no. 14540)
[ view plain ]
| 000 -LEADER | |
|---|---|
| fixed length control field | 03958nam a22003257a 4500 |
| 001 - CONTROL NUMBER | |
| control field | ENG-90571 |
| 005 - DATE AND TIME OF LATEST TRANSACTION | |
| control field | 20080625120511.0 |
| 006 - FIXED-LENGTH DATA ELEMENTS--ADDITIONAL MATERIAL CHARACTERISTICS--GENERAL INFORMATION | |
| fixed length control field | a|||||r|||||00| 0 |
| 008 - FIXED-LENGTH DATA ELEMENTS--GENERAL INFORMATION | |
| fixed length control field | 071029s2008 | 001 0deng |
| 010 ## - LIBRARY OF CONGRESS CONTROL NUMBER | |
| LC control number | ENG-90571 |
| 020 ## - INTERNATIONAL STANDARD BOOK NUMBER | |
| International Standard Book Number | 0070229562 |
| Terms of availability | 325.00 |
| 035 ## - SYSTEM CONTROL NUMBER | |
| System control number | EN-74104 |
| 037 ## - SOURCE OF ACQUISITION | |
| Source of stock number/acquisition | DBAD / PUB |
| 040 ## - CATALOGING SOURCE | |
| Original cataloging agency | DPL |
| Language of cataloging | EN |
| 082 ## - DEWEY DECIMAL CLASSIFICATION NUMBER | |
| Classification number | 658.452 |
| 100 ## - MAIN ENTRY--PERSONAL NAME | |
| Personal name | Lane, Bill |
| 245 ## - TITLE STATEMENT | |
| Title | Jacked up : |
| Remainder of title | the inside story of how Jack Welch talked GE into becoming the world's greatest company / |
| Statement of responsibility, etc | by Bill Lane. |
| 260 ## - PUBLICATION, DISTRIBUTION, ETC. (IMPRINT) | |
| Place of publication, distribution, etc | New Delhi |
| Name of publisher, distributor, etc | Tata McGraw-Hill Publishing |
| Date of publication, distribution, etc | 2008. |
| 300 ## - PHYSICAL DESCRIPTION | |
| Extent | xi, 324 p. |
| Dimensions | 24 cm.(pbk) |
| 500 ## - GENERAL NOTE | |
| General note | Includes index. |
| 505 ## - FORMATTED CONTENTS NOTE | |
| Formatted contents note | Torched by an a-hole -- Retiring but not shy -- Reflections of a pimp -- Bore wars : Chet Lang and the big bang -- Death of a pitchman -- I can't deal with this anymore -- Mike's big day -- Crotonville high -- Prior planning prevents piss-poor performance -- Fred's bad day -- Triumphs, train wrecks, coronations, and Jack's biggest miss -- You're going nowhere at GE unless... -- How to succeed in business by really trying -- Love, or hate, at first sight -- The view from the bowling alley -- The bogus Boca presentation -- Died and went to headquarters -- Selling hats to each other -- The Russians are coming -- Hectoring the hobbit -- Movin' on, sideways -- Death to strategic planning -- Blubbering on the stand -- From grunt to flunky -- The marionette meister -- Jacking up the commo -- Don't dive, swim! -- Restuffing guts -- Gentle meddling -- Called on the carpet -- More change via negative reviews -- Takes one to know one -- Dead man talking -- "Stop construction today" -- Every biopsy doesn't have to come back positive -- I'm okay ; you're an a-hole -- Bulletproofing the love-in -- Death by presentation at NBC -- Peeing on the Kidder body -- A shout from the bathroom -- The Wright stuff (righted) -- Diversity is our...er...strength -- Fly ball at the Pierre -- Black clouds lift the stock -- The chairman and the strawman -- Don't screw this up -- Don't care about it? Don't do it! -- The 110 percent solution and Jack's perks -- Wanna drink lunch with us? -- The firing squad -- Why Gary Wendt -- Lack of care packages -- Seinfeld in Fairfield : the yogurt incident -- Order and logic out of chaos -- Doin' time -- Better than the best -- Herb smokes Jack : Warren lurks in his nightmare -- The Welch work ethic -- The fist through the drapes -- Crotonville turkey shoot -- A pad in front of you -- If your wife thinks it's boring, it's boring -- Danger : flying carrot fragments -- Ringo's rule -- The perfect annual report -- "Not a pennyworth of difference" -- Bore wars continue... -- Lloyd's law : a learning company -- The bore test. Are you relevant? -- Larry leaves. Lane grieves. (on the way to the bank) -- The inevitable (but very short) golf section -- Tough Jack to follow -- Know your potential enemy -- Out of the gate and serious -- Tell me a story -- The dogs are your friends -- What you face if you're black, Asian, or a Woman -- Ten minutes! No more! -- PowerPoint is the enemy. Never surrender -- On being a leader rather than a projector operator -- Do it all in five charts -- At the end of the day -- Love story. |
| 600 ## - SUBJECT ADDED ENTRY--PERSONAL NAME | |
| Personal name | Welch, Jack, |
| 610 ## - SUBJECT ADDED ENTRY--CORPORATE NAME | |
| Corporate name or jurisdiction name as entry element | General Electric Company. |
| 650 ## - SUBJECT ADDED ENTRY--TOPICAL TERM | |
| Topical term or geographic name as entry element | Business presentations. |
| 856 ## - ELECTRONIC LOCATION AND ACCESS | |
| Materials specified | Publisher description |
| Uniform Resource Identifier | <a href="http://www.loc.gov/catdir/enhancements/fy0806/2007044726-d.html">http://www.loc.gov/catdir/enhancements/fy0806/2007044726-d.html</a> |
| 856 ## - ELECTRONIC LOCATION AND ACCESS | |
| Materials specified | Contributor biographical information |
| Uniform Resource Identifier | <a href="http://www.loc.gov/catdir/enhancements/fy0806/2007044726-b.html">http://www.loc.gov/catdir/enhancements/fy0806/2007044726-b.html</a> |
| 942 ## - ADDED ENTRY ELEMENTS (KOHA) | |
| Source of classification or shelving scheme | Dewey Decimal Classification |
| Koha item type | English Books |
| Classification part | 658.452 |
| Call number suffix | LAN |
| Withdrawn status | Lost status | Source of classification or shelving scheme | Damaged status | Not for loan | Collection code | Home library | Current library | Date acquired | Source of acquisition | Cost, normal purchase price | Total Checkouts | Full call number | Barcode | Date last seen | Copy number | Cost, replacement price | Price effective from | Koha item type |
|---|---|---|---|---|---|---|---|---|---|---|---|---|---|---|---|---|---|---|
| Dewey Decimal Classification | Not For Loan | Non-fiction | D.B.Act.Division | D.B.Act.Division | 22/07/2008 | DBAD / PUB | 325.00 | 658.452 LAN | EN-74104 | 15/09/2008 | 1 | 325.00 | 15/09/2008 | English Books |
